Rugby League National Team Logos - Statistics

General Stats
  • This quiz has been taken 480 times
    237 since last reset
  • The average score is 12 of 15
Answer Stats
Picture Answer % Correct
Australia
99%
New Zealand
98%
England
95%
France
95%
Ireland
93%
United States
91%
Italy
90%
Wales
90%
Jamaica
81%
Samoa
78%
Scotland
78%
Lebanon
74%
Netherlands
67%
Tonga
65%
Greece
29%
No matching quizzes found
Score Distribution
Percent of People with Each Score
Percentile by Number Answered
Your Score History
You have not taken this quiz since the last reset